<?xml version="1.0" encoding="UTF-8"?><?xml-stylesheet type="text/xsl" href="static/style.xsl"?><OAI-PMH xmlns="http://www.openarchives.org/OAI/2.0/" xmlns:xsi="http://www.w3.org/2001/XMLSchema-instance" xsi:schemaLocation="http://www.openarchives.org/OAI/2.0/ http://www.openarchives.org/OAI/2.0/OAI-PMH.xsd"><responseDate>2026-06-02T06:15:50Z</responseDate><request verb="GetRecord" identifier="oai:riuma.uma.es:10630/35237" metadataPrefix="marc">https://riuma.uma.es/rest/oai/request</request><GetRecord><record><header><identifier>oai:riuma.uma.es:10630/35237</identifier><datestamp>2026-02-03T11:31:07Z</datestamp><setSpec>com_10630_2254</setSpec><setSpec>col_10630_37953</setSpec></header><metadata><record xmlns="http://www.loc.gov/MARC21/slim" xmlns:dcterms="http://purl.org/dc/terms/" xmlns:doc="http://www.lyncode.com/xoai" xmlns:xsi="http://www.w3.org/2001/XMLSchema-instance" xsi:schemaLocation="http://www.loc.gov/MARC21/slim http://www.loc.gov/standards/marcxml/schema/MARC21slim.xsd">
   <leader>00925njm 22002777a 4500</leader>
   <datafield ind2=" " ind1=" " tag="042">
      <subfield code="a">dc</subfield>
   </datafield>
   <datafield ind2=" " ind1=" " tag="720">
      <subfield code="a">Peláez-Santamaría, Salvador</subfield>
      <subfield code="e">author</subfield>
   </datafield>
   <datafield ind2=" " ind1=" " tag="260">
      <subfield code="c">2024-05-07</subfield>
   </datafield>
   <datafield ind2=" " ind1=" " tag="520">
      <subfield code="a">La ortografía española en el siglo xix vive una época de intensos debates y cambios en relación con  la  estandarización  y  regulación  de  la  escritura.  Durante  este  período,  se  llevan  a  cabo  numerosos  esfuerzos por establecer normas claras y uniformes para la correcta escritura del idioma español, y la prensa se convierte en un aliado especial para su divulgación. En este artículo, se contextualiza la situación lingüística, se realiza una descripción de la situación de la prensa en general y particular y se analizan los principales cambios realizados en la ortografía española en el siglo xix, destacando las normativas más importantes y las influencias que tuvieron en la prensa decimonónica de la ciudad de Málaga, con la finalidad de comprobar el grado de consecución de las mismas y conocer, así, el conocimiento de las normas ortográficas que tenían los editores e impresores locales.</subfield>
   </datafield>
   <datafield ind1="8" ind2=" " tag="024">
      <subfield code="a">Peláez Santamaría, S. (2024). Comunicación y norma: la aplicación de la modernización del sistema ortográfico  español  en  la  prensa  malagueña  del  siglo  XIX,  Robles  Ávila,  S.  (coord.):  Comunicación  pública.  Círculo de Lingüística Aplicada a la Comunicación 98 (2024), 35-46. https://dx.doi.org/10.5209/clac.94826</subfield>
   </datafield>
   <datafield ind1="8" ind2=" " tag="024">
      <subfield code="a">https://hdl.handle.net/10630/35237</subfield>
   </datafield>
   <datafield ind1="8" ind2=" " tag="024">
      <subfield code="a">10.5209/clac.94826</subfield>
   </datafield>
   <datafield tag="653" ind2=" " ind1=" ">
      <subfield code="a">Español - Ortografía - S. XIX</subfield>
   </datafield>
   <datafield tag="653" ind2=" " ind1=" ">
      <subfield code="a">Periódicos - Lenguaje - S. XIX</subfield>
   </datafield>
   <datafield tag="653" ind2=" " ind1=" ">
      <subfield code="a">Prensa - Málaga - S. XIX</subfield>
   </datafield>
   <datafield ind2="0" ind1="0" tag="245">
      <subfield code="a">Comunicación y norma: la aplicación de la modernización del sistema ortográfico español en la prensa malagueña del siglo XIX.</subfield>
   </datafield>
</record>
</metadata></record></GetRecord></OAI-PMH>